[Event "4NCL Division 1b"]
[Site "Hinckley Island ENG"]
[Date "2014.11.15"]
[Round "1.152"]
[White "van Kampen, Robin"]
[Black "Lyell, Mark"]
[Result "1-0"]
[WhiteElo "2612"]
[BlackElo "2294"]
[PlyCount "71"]
[EventDate "2014.11.15"]
[WhiteTeam "Guildford 1"]
[BlackTeam "Hackney 1"]

1. e4 c6 2. d4 d5 3. e5 c5 4. dxc5 Nc6 5. Bb5 e6 6. Be3 Nge7 7. c3 Bd7 8. Bxc6
Bxc6 9. Nf3 Nf5 10. Bd4 Nxd4 11. Qxd4 Qc7 12. b4 b6 13. cxb6 axb6 14. O-O Be7
15. a3 Bb5 16. Rc1 O-O 17. Nbd2 Rfc8 18. Qe3 Ra4 19. Nd4 Bc4 20. f4 Rca8 21. f5
exf5 22. Nxf5 Bf8 23. Re1 Rxa3 24. Rxa3 Rxa3 25. Nxc4 dxc4 26. e6 fxe6 27.
Qxe6+ Qf7 28. Qc8 Ra7 29. Rf1 Rc7 30. Qa8 Ra7 31. Qe4 b5 32. Nh6+ gxh6 33. Rxf7
Rxf7 34. Qd5 Bg7 35. Qxb5 Bxc3 36. Qxc4 1-0

[Event "4NCL Division 1b"]
[Site "Hinckley Island ENG"]
[Date "2015.01.10"]
[Round "3.171"]
[White "Conquest, Stuart C"]
[Black "Zakarian, David"]
[Result "1-0"]
[WhiteElo "2491"]
[BlackElo "2394"]
[PlyCount "111"]
[EventDate "2015.01.10"]
[WhiteTeam "e2e4.org.uk 1"]
[BlackTeam "Oxford 1"]

1. d4 Nf6 2. c4 e6 3. Nc3 Bb4 4. e3 O-O 5. Nge2 d5 6. a3 Be7 7. cxd5 exd5 8. g3
c6 9. Qc2 Bg4 10. Bg2 Qc8 11. Nf4 Bf5 12. Qe2 Re8 13. Bd2 Bd6 14. Rc1 Bxf4 15.
gxf4 Qe6 16. f3 Nbd7 17. O-O Nb6 18. Rce1 Qd6 19. Kh1 Nh5 20. Qf2 Bd3 21. Rg1
Nc4 22. Bc1 Rad8 23. Bh3 Na5 24. Rd1 Bc4 25. Qh4 Nf6 26. f5 Kh8 27. b4 Nb3 28.
Bb2 h6 29. Rde1 Kh7 30. Rg2 Rg8 31. Qf2 Rde8 32. Rgg1 b5 33. Qc2 Kh8 34. Nd1
Nh5 35. Nf2 Qf6 36. Bc3 g6 37. Bg4 Ng7 38. fxg6 fxg6 39. f4 Kh7 40. Bd7 Re7 41.
Ng4 Qf7 42. Ne5 Rxe5 43. fxe5 Rf8 44. Bg4 a6 45. Bd1 Ne6 46. h4 Nc1 47. h5 Kh8
48. Qxg6 Ng5 49. Rxg5 hxg5 50. Qh6+ Kg8 51. Rg1 Qg7 52. Rxg5 Rf1+ 53. Kg2 Rf7
54. e6 Qxg5+ 55. Qxg5+ Rg7 56. Qxg7+ 1-0

[Event "4NCL Division 1c"]
[Site "Birmingham Airport ENG"]
[Date "2015.03.29"]
[Round "8.123"]
[White "Wells, Peter"]
[Black "Harvey, Marcus R"]
[Result "1/2-1/2"]
[WhiteElo "2441"]
[BlackElo "2317"]
[PlyCount "67"]
[EventDate "2015.03.29"]
[WhiteTeam "White Rose 1"]
[BlackTeam "Oxford 1"]

1. d4 e6 2. c4 Nf6 3. Nc3 Bb4 4. e3 O-O 5. Bd3 d6 6. Nge2 e5 7. O-O Bxc3 8.
Nxc3 Nc6 9. d5 Ne7 10. f4 exf4 11. exf4 Bf5 12. Bxf5 Nxf5 13. g4 Ne7 14. f5 Nd7
15. Bf4 Re8 16. Qf3 Nc8 17. Rae1 Ncb6 18. b3 Qh4 19. Bg3 Qh3 20. Nb5 Rxe1 21.
Rxe1 Rc8 22. a4 Ne5 23. Qg2 Qxg2+ 24. Kxg2 a6 25. Bxe5 axb5 26. a5 Nd7 27. Bd4
bxc4 28. bxc4 h6 29. Re2 Kf8 30. Rb2 b6 31. axb6 Nxb6 32. Bxb6 cxb6 33. Rxb6
Rxc4 34. h3 1/2-1/2

[Event "4NCL Division 1d"]
[Site "Birmingham Airport ENG"]
[Date "2015.03.29"]
[Round "8.163"]
[White "Sowray, Peter J"]
[Black "Dineley, Richard"]
[Result "1/2-1/2"]
[WhiteElo "2313"]
[BlackElo "2261"]
[PlyCount "90"]
[EventDate "2015.03.29"]
[WhiteTeam "e2e4.org.uk 1"]
[BlackTeam "South Wales Dragons"]

1. d4 Nf6 2. c4 e6 3. Nc3 Bb4 4. e3 O-O 5. Nge2 d5 6. a3 Be7 7. cxd5 exd5 8.
Nf4 c6 9. Bd3 Na6 10. O-O Nc7 11. Bd2 Ne6 12. Nce2 Bd6 13. Bb4 Nxf4 14. Nxf4
Bxb4 15. axb4 Bg4 16. Qc2 a6 17. Rfc1 Qd6 18. Qc5 Rad8 19. Bf1 Bc8 20. Nd3 Ne4
21. Qc2 Qf6 22. Ne5 Nd6 23. Bd3 Bf5 24. b3 Bxd3 25. Qxd3 Qe7 26. Qc2 Nb5 27.
Qc5 Rd6 28. Re1 Rfd8 29. Rac1 f6 30. Nd3 Re8 31. h3 Rd7 32. Qc2 Nd6 33. Nc5
Rdd8 34. Rcd1 Qf7 35. f3 Re7 36. Re2 Rde8 37. Rde1 f5 38. Nd3 Qf6 39. Qd2 Kh8
40. Rf2 Rf8 41. Ne5 g5 42. g4 f4 43. exf4 gxf4 44. Rfe2 Rfe8 45. Kh2 Kg7
1/2-1/2

[Event "4NCL Division 2a"]
[Site "Hinckley Island ENG"]
[Date "2014.11.15"]
[Round "1.11"]
[White "Gordon, Stephen J"]
[Black "Graham, David B"]
[Result "1-0"]
[WhiteElo "2497"]
[BlackElo "2127"]
[PlyCount "79"]
[EventDate "2014.11.15"]
[WhiteTeam "3Cs"]
[BlackTeam "Sussex Martlets 1"]

1. d4 Nf6 2. Bg5 e6 3. e4 d5 4. e5 h6 5. Be3 Nfd7 6. f4 c5 7. c3 Nc6 8. Nf3 Qb6
9. Qd2 cxd4 10. cxd4 Bb4 11. Nc3 O-O 12. Bd3 f6 13. O-O Qd8 14. a3 Bxc3 15.
Qxc3 Nb6 16. b3 Bd7 17. Bb1 f5 18. Ra2 Qe7 19. Qd3 a5 20. Kh1 a4 21. b4 Na7 22.
Rg1 Bb5 23. Qd1 Bc4 24. Ra1 Nb5 25. Qe1 Bb3 26. g4 fxg4 27. Nh4 Qc7 28. Bd3 Nc4
29. Rxg4 Nbxa3 30. f5 exf5 31. Nxf5 Rxf5 32. Bxf5 Rf8 33. Bxh6 Rxf5 34. Qg3 Rf7
35. Bxg7 Ne3 36. Qxe3 Rxg7 37. Rag1 Rxg4 38. Rxg4+ Kf8 39. Qh6+ Ke8 40. Qe6+
1-0

[Event "4NCL Division 2a"]
[Site "Hinckley Island ENG"]
[Date "2014.11.15"]
[Round "1.12"]
[White "Salimbeni, George"]
[Black "Ashton, Adam G"]
[Result "0-1"]
[WhiteElo "2144"]
[BlackElo "2398"]
[PlyCount "134"]
[EventDate "2014.11.15"]
[WhiteTeam "Sussex Martlets 1"]
[BlackTeam "3Cs"]

1. e4 e5 2. Nf3 Nc6 3. Bc4 Nf6 4. d3 Bc5 5. O-O O-O 6. c3 d5 7. exd5 Nxd5 8. b4
Be7 9. Re1 Bg4 10. h3 Bh5 11. b5 Na5 12. g4 Bg6 13. Bxd5 Qxd5 14. Rxe5 Qd7 15.
Rxe7 Qxe7 16. Ba3 Qd7 17. Bxf8 Rxf8 18. Na3 Qd6 19. Nc4 Nxc4 20. dxc4 Qf4 21.
Nd4 Re8 22. Qc1 Qe4 23. Qd2 h5 24. f3 Qe7 25. Qf2 Bd3 26. a4 Bxc4 27. Nf5 Qe5
28. Qd4 Qxd4+ 29. Nxd4 Re3 30. Rc1 hxg4 31. hxg4 Rd3 32. a5 Kf8 33. g5 Rd2 34.
Rb1 Rd3 35. Rc1 g6 36. f4 Ke7 37. a6 bxa6 38. Nc6+ Ke6 39. Ne5 axb5 40. Nxd3
Bxd3 41. Kf2 a5 42. Re1+ Kf5 43. Kf3 f6 44. gxf6 Kxf6 45. Ke3 Bc4 46. Kd4 Kf5
47. Rg1 a4 48. Rg5+ Kxf4 49. Rxg6 a3 50. Rf6+ Kg3 51. Ke3 a2 52. Rg6+ Kh2 53.
Kf2 Kh3 54. Rg3+ Kh4 55. Rg1 Bd3 56. Ra1 Bb1 57. Ke3 c5 58. Kd2 Kg4 59. Ke3 Kf5
60. Ke2 Ke4 61. Kd2 Kd5 62. Kc1 Kc4 63. Kb2 Kd3 64. Kb3 Kd2 65. Kb2 c4 66. Ka3
Kxc3 67. Rxb1 axb1=N+ 0-1

[Event "4NCL Division 2a"]
[Site "Hinckley Island ENG"]
[Date "2014.11.15"]
[Round "1.13"]
[White "Bentley, John L"]
[Black "Grant, David J"]
[Result "1-0"]
[WhiteElo "2234"]
[BlackElo "2114"]
[PlyCount "45"]
[EventDate "2014.11.15"]
[WhiteTeam "3Cs"]
[BlackTeam "Sussex Martlets 1"]

1. d4 Nf6 2. c4 e6 3. Nf3 d5 4. g3 Be7 5. Bg2 O-O 6. O-O dxc4 7. Qa4 a6 8. Qxc4
b5 9. Qc2 Bb7 10. Bd2 Nbd7 11. Ba5 Rc8 12. Nbd2 Qe8 13. b4 Bd6 14. e4 e5 15.
Rfe1 Qe7 16. a3 Rfe8 17. Rac1 Qf8 18. dxe5 Nxe5 19. Nxe5 Bxe5 20. Nb3 Re6 21.
f4 Rc6 22. Qb1 Bc3 23. Re3 1-0

[Event "4NCL Division 2a"]
[Site "Hinckley Island ENG"]
[Date "2014.11.15"]
[Round "1.14"]
[White "Cumming, Rhys"]
[Black "Abbas, Daniel"]
[Result "1/2-1/2"]
[WhiteElo "2044"]
[BlackElo "1996"]
[PlyCount "81"]
[EventDate "2014.11.15"]
[WhiteTeam "Sussex Martlets 1"]
[BlackTeam "3Cs"]

1. e4 c5 2. Nf3 e6 3. d4 cxd4 4. c3 d3 5. Bxd3 d6 6. c4 Nf6 7. Nc3 Nbd7 8. Qe2
Be7 9. O-O a6 10. Rd1 Qc7 11. h3 O-O 12. Bf4 Ne5 13. Nxe5 dxe5 14. Be3 b6 15.
Rac1 Nd7 16. a3 Nc5 17. Bc2 Bb7 18. b4 Nd7 19. Na4 Rab8 20. c5 bxc5 21. Bd3
Rfd8 22. Nxc5 Bxc5 23. Bxc5 Nxc5 24. Rxc5 Qb6 25. Rdc1 h6 26. R1c3 Qd6 27. Qc2
Rd7 28. a4 Qb6 29. b5 Rbd8 30. bxa6 Bxa6 31. Bxa6 Qxa6 32. Rc8 Rxc8 33. Rxc8+
Kh7 34. Rc4 Qa5 35. Qc3 Qb6 36. Qc2 Qa5 37. Qc1 Qd8 38. Kh2 Rd2 39. Rc2 Rd1 40.
Qe3 Ra1 41. Qf3 1/2-1/2

[Event "4NCL Division 2a"]
[Site "Hinckley Island ENG"]
[Date "2014.11.15"]
[Round "1.15"]
[White "Walton, Alan J"]
[Black "Howell, Chris I"]
[Result "1-0"]
[WhiteElo "2113"]
[BlackElo "2050"]
[PlyCount "75"]
[EventDate "2014.11.15"]
[WhiteTeam "3Cs"]
[BlackTeam "Sussex Martlets 1"]

1. d4 Nf6 2. Bg5 c5 3. d5 Qb6 4. Nc3 Qxb2 5. Bd2 Qb6 6. e4 d6 7. f4 g6 8. Nf3
Bg7 9. Rb1 Qd8 10. Bb5+ Nfd7 11. O-O a6 12. Bxd7+ Nxd7 13. Qe2 b5 14. e5 O-O
15. e6 fxe6 16. dxe6 Nb6 17. Ng5 Nc4 18. Nd5 Rf5 19. Ne3 Nxe3 20. Bxe3 Qa5 21.
Qf3 Rb8 22. Qh3 h6 23. Nf7 Rxf7 24. exf7+ Kxf7 25. f5 g5 26. Qh5+ Kf8 27. h4
Qc3 28. Rb3 Qxc2 29. hxg5 hxg5 30. Bxg5 Bb7 31. Rg3 Bd5 32. Bxe7+ Kxe7 33.
Rxg7+ Kf6 34. Rg6+ Ke5 35. f6+ Kd4 36. Rd1+ Kc3 37. Rg3+ Kb2 38. Qxd5 1-0

[Event "4NCL Division 2a"]
[Site "Hinckley Island ENG"]
[Date "2014.11.15"]
[Round "1.16"]
[White "Lenier, Jude"]
[Black "Horton, Jamie A"]
[Result "1/2-1/2"]
[WhiteElo "2047"]
[BlackElo "2028"]
[PlyCount "48"]
[EventDate "2014.11.15"]
[WhiteTeam "Sussex Martlets 1"]
[BlackTeam "3Cs"]

1. e4 c6 2. d4 d5 3. f3 e6 4. Nc3 Bb4 5. Nge2 Ne7 6. a3 Bxc3+ 7. Nxc3 b6 8. Bf4
Ba6 9. Bxa6 Nxa6 10. Qe2 Nc7 11. Rd1 O-O 12. O-O Ng6 13. Bxc7 Qxc7 14. e5 f6
15. f4 fxe5 16. fxe5 Rxf1+ 17. Rxf1 Rf8 18. Rxf8+ Kxf8 19. Qg4 Qe7 20. Ne2 Qh4
21. Qf3+ Kg8 22. g3 Qg5 23. Nf4 Nxf4 24. Qxf4 Qg6 1/2-1/2

[Event "4NCL Division 2a"]
[Site "Hinckley Island ENG"]
[Date "2014.11.15"]
[Round "1.17"]
[White "Lea, Daniel J"]
[Black "Bucher, Grant W"]
[Result "1/2-1/2"]
[WhiteElo "1931"]
[BlackElo "2078"]
[PlyCount "71"]
[EventDate "2014.11.15"]
[WhiteTeam "3Cs"]
[BlackTeam "Sussex Martlets 1"]

1. d4 Nf6 2. c4 g6 3. Nc3 d5 4. e3 Bg7 5. Qb3 dxc4 6. Bxc4 O-O 7. Nf3 Nc6 8.
Be2 e6 9. O-O b6 10. Nd2 Bb7 11. Bf3 Na5 12. Qc2 Bxf3 13. Nxf3 Nd5 14. Nxd5
exd5 15. Bd2 Nc4 16. Bc3 Qe7 17. Rac1 Rac8 18. b3 Nd6 19. Bb4 c6 20. Qd3 Rfe8
21. Rfd1 Qd7 22. Rc2 Ne4 23. Rdc1 f5 24. Nd2 Bh6 25. Nf3 Bg7 26. Nd2 Re6 27.
Nxe4 Rxe4 28. Qa6 f4 29. Qa4 fxe3 30. fxe3 Re6 31. Re1 Rce8 32. Bd2 Bh6 33. Rc3
R8e7 34. Rec1 b5 35. Qb4 Qe8 36. h3 1/2-1/2

[Event "4NCL Division 2a"]
[Site "Hinckley Island ENG"]
[Date "2014.11.15"]
[Round "1.18"]
[White "Willson, Ollie"]
[Black "Burke, Mitchell R"]
[Result "1/2-1/2"]
[WhiteElo "1834"]
[BlackElo "1929"]
[PlyCount "40"]
[EventDate "2014.11.15"]
[WhiteTeam "Sussex Martlets 1"]
[BlackTeam "3Cs"]

1. d4 Nf6 2. Nf3 c5 3. c4 g6 4. Nc3 Bg7 5. d5 d6 6. g3 a6 7. a4 O-O 8. Bg2 Nbd7
9. h3 Rb8 10. O-O Ne8 11. Bg5 Nc7 12. Qd3 Re8 13. Rab1 Nf8 14. b4 cxb4 15. Rxb4
a5 16. Rbb1 Nd7 17. Qc2 Na6 18. Nb5 Ndc5 19. Nfd4 Nb4 20. Qd1 Bd7 1/2-1/2

[Event "4NCL Division 2a"]
[Site "Hinckley Island ENG"]
[Date "2014.11.15"]
[Round "1.21"]
[White "Martin, Andrew"]
[Black "Strugnell, Carl P"]
[Result "1/2-1/2"]
[WhiteElo "2380"]
[BlackElo "2241"]
[PlyCount "45"]
[EventDate "2014.11.15"]
[WhiteTeam "Guildford 3"]
[BlackTeam "Rhyfelwyr Essyllwg 1"]

1. d4 Nf6 2. c4 e6 3. Nf3 d5 4. Nc3 Be7 5. Bg5 O-O 6. e3 h6 7. Bxf6 Bxf6 8. Qd2
Nc6 9. cxd5 exd5 10. Be2 a6 11. O-O Re8 12. Rac1 Qd6 13. Ne1 Na7 14. Nd3 Nb5
15. a3 c6 16. Nxb5 axb5 17. Nc5 Bd8 18. Bf3 Ba5 19. Qd1 Bc7 20. g3 Qg6 21. Re1
Bd6 22. Rc3 Bxc5 23. Rxc5 1/2-1/2

[Event "4NCL Division 2a"]
[Site "Hinckley Island ENG"]
[Date "2014.11.15"]
[Round "1.22"]
[White "Kett, Timothy J"]
[Black "Buckley, Graeme"]
[Result "1-0"]
[WhiteElo "2215"]
[BlackElo "2336"]
[PlyCount "131"]
[EventDate "2014.11.15"]
[WhiteTeam "Rhyfelwyr Essyllwg 1"]
[BlackTeam "Guildford 3"]

1. e4 c5 2. c3 d6 3. d4 Nf6 4. Nd2 Qc7 5. Ngf3 Bg4 6. h3 Bxf3 7. Qxf3 e6 8.
Bb5+ Nbd7 9. O-O Be7 10. e5 dxe5 11. dxe5 Qxe5 12. Qxb7 Rb8 13. Bxd7+ Nxd7 14.
Qxa7 Qd5 15. Qa4 O-O 16. Nf3 Nb6 17. Qg4 h5 18. Qf4 Bf6 19. Be3 Rfd8 20. Nd2
Qc6 21. Ne4 Be7 22. b3 Ra8 23. Qf3 e5 24. Nxc5 Qxf3 25. gxf3 Nd5 26. Na4 Nxe3
27. fxe3 Rd3 28. Rad1 Rxe3 29. Kf2 Bg5 30. Rfe1 Rxe1 31. Kxe1 f5 32. c4 Kf7 33.
Rd7+ Kg6 34. c5 e4 35. fxe4 fxe4 36. c6 Bf4 37. Rd4 Kf5 38. Rc4 Bc7 39. Nc3 g5
40. Rxe4 g4 41. hxg4+ hxg4 42. Re7 Ba5 43. Kd2 Rc8 44. a3 Rxc6 45. b4 Bd8 46.
Re8 Bg5+ 47. Kd3 g3 48. Rf8+ Kg4 49. Ne4 Bf4 50. b5 Rc1 51. Nxg3 Bxg3 52. Ke4
Rc5 53. Rg8+ Kh3 54. a4 Re5+ 55. Kd4 Rh5 56. Rxg3+ Kxg3 57. b6 Rh4+ 58. Kc5
Rh5+ 59. Kc6 Rh6+ 60. Kb5 Rh1 61. b7 Kf3 62. a5 Ke4 63. Kc6 Rc1+ 64. Kb6 Rb1+
65. Ka7 Rb5 66. a6 1-0

[Event "4NCL Division 2a"]
[Site "Hinckley Island ENG"]
[Date "2014.11.15"]
[Round "1.23"]
[White "Povah, Nigel"]
[Black "Trevelyan, John"]
[Result "1-0"]
[WhiteElo "2310"]
[BlackElo "2125"]
[PlyCount "41"]
[EventDate "2014.11.15"]
[WhiteTeam "Guildford 3"]
[BlackTeam "Rhyfelwyr Essyllwg 1"]

1. d4 d6 2. e4 Nf6 3. Nc3 e5 4. Nf3 Nc6 5. h3 Be7 6. Bc4 O-O 7. Be3 h6 8. Qd2
Nh7 9. O-O-O Ng5 10. dxe5 Nxf3 11. gxf3 Nxe5 12. Be2 Be6 13. Rdg1 Kh7 14. f4
Nc6 15. f5 Bd7 16. Nd5 Bf6 17. h4 Rg8 18. Bg5 Bxg5 19. hxg5 Ne7 20. Nxe7 Qxe7
21. g6+ 1-0

[Event "4NCL Division 2a"]
[Site "Hinckley Island ENG"]
[Date "2014.11.15"]
[Round "1.24"]
[White "Spice, Alan P"]
[Black "Osborne, Marcus"]
[Result "1/2-1/2"]
[WhiteElo "2118"]
[BlackElo "2208"]
[PlyCount "63"]
[EventDate "2014.11.15"]
[WhiteTeam "Rhyfelwyr Essyllwg 1"]
[BlackTeam "Guildford 3"]

1. Nc3 d5 2. e4 e6 3. d4 Bb4 4. exd5 exd5 5. Bd3 Nc6 6. a3 Bxc3+ 7. bxc3 Nge7
8. Qh5 Be6 9. Nf3 Qd7 10. Ng5 O-O-O 11. Nxe6 Qxe6+ 12. Qe2 Nf5 13. Qxe6+ fxe6
14. O-O Nd6 15. Re1 Kd7 16. Bf4 Rdf8 17. Bg3 Nf5 18. Be5 Nxe5 19. Rxe5 Rf6 20.
Rae1 Nd6 21. f4 Rxf4 22. Rxe6 Rf7 23. R6e5 c6 24. Rh5 Re7 25. Rxe7+ Kxe7 26.
Kf2 b5 27. Ke2 h6 28. Re5+ Kd7 29. Ke3 Rb8 30. Kd2 Nc4+ 31. Bxc4 bxc4 32. Re1
1/2-1/2

[Event "4NCL Division 2a"]
[Site "Hinckley Island ENG"]
[Date "2014.11.15"]
[Round "1.25"]
[White "Granat, Russell"]
[Black "Hewitt, William AR"]
[Result "1-0"]
[WhiteElo "2193"]
[BlackElo "2058"]
[PlyCount "67"]
[EventDate "2014.11.15"]
[WhiteTeam "Guildford 3"]
[BlackTeam "Rhyfelwyr Essyllwg 1"]

1. e4 c6 2. d4 d5 3. exd5 cxd5 4. c4 Nf6 5. Nc3 e6 6. c5 Be7 7. Nf3 O-O 8. a3
b6 9. b4 a5 10. Na4 axb4 11. Nxb6 Ra7 12. Bf4 Rb7 13. a4 Rxb6 14. cxb6 Qxb6 15.
a5 Qa7 16. Bd3 Nc6 17. O-O Bd7 18. a6 Qb6 19. Ne5 Ra8 20. Nxd7 Nxd7 21. Qa4 Nf6
22. Be3 Bd8 23. Rfd1 Bc7 24. Qb5 Qxb5 25. Bxb5 Na7 26. Bd3 Bd6 27. Rdb1 Rb8 28.
Rb3 g6 29. g3 Rb6 30. Rc1 Ne8 31. Bd2 Nc7 32. Bxb4 Nc6 33. Bxd6 Rxb3 34. Rxc6
1-0

[Event "4NCL Division 2a"]
[Site "Hinckley Island ENG"]
[Date "2014.11.15"]
[Round "1.26"]
[White "Brown, Tom"]
[Black "Zhang, Anthony"]
[Result "1/2-1/2"]
[WhiteElo "2048"]
[BlackElo "2090"]
[PlyCount "58"]
[EventDate "2014.11.15"]
[WhiteTeam "Rhyfelwyr Essyllwg 1"]
[BlackTeam "Guildford 3"]

1. d4 d5 2. c4 c6 3. cxd5 cxd5 4. Nc3 Nf6 5. Nf3 Nc6 6. Bf4 a6 7. e3 Bg4 8. h3
Bxf3 9. Qxf3 e6 10. Bd3 Bd6 11. Bg5 h6 12. Bh4 Be7 13. O-O Rc8 14. Rac1 O-O 15.
Qe2 Nd7 16. Bg3 Na5 17. Rfd1 Nf6 18. Bb1 b5 19. Be5 Nc4 20. e4 g6 21. exd5 Nxd5
22. Nxd5 exd5 23. Rc3 Rc6 24. b3 Nxe5 25. Re3 Bg5 26. Rxe5 Bf6 27. Re3 Bg5 28.
Re5 Bf6 29. Re3 Bg5 1/2-1/2

[Event "4NCL Division 2a"]
[Site "Hinckley Island ENG"]
[Date "2014.11.15"]
[Round "1.27"]
[White "Meyer, Gordon"]
[Black "Young, Alan"]
[Result "0-1"]
[WhiteElo "2178"]
[BlackElo "2042"]
[PlyCount "62"]
[EventDate "2014.11.15"]
[WhiteTeam "Guildford 3"]
[BlackTeam "Rhyfelwyr Essyllwg 1"]

1. e4 e5 2. Bc4 Nf6 3. d3 c6 4. Nf3 Be7 5. O-O d6 6. Bb3 Nbd7 7. c3 Nf8 8. d4
Ng6 9. Re1 O-O 10. Nbd2 Be6 11. Bxe6 fxe6 12. Qb3 Qd7 13. dxe5 Ng4 14. exd6
Bxd6 15. Nf1 N6e5 16. Nxe5 Nxe5 17. Be3 Qf7 18. Rad1 Rad8 19. Re2 b5 20. Rxd6
Rxd6 21. Bc5 Rfd8 22. Bxd6 Rxd6 23. Rd2 Rxd2 24. Nxd2 Nd3 25. f3 a5 26. h3 Qg6
27. Qd1 Nf4 28. g4 Nxh3+ 29. Kf1 h5 30. gxh5 Qg1+ 31. Ke2 Nf4# 0-1

[Event "4NCL Division 2a"]
[Site "Hinckley Island ENG"]
[Date "2014.11.15"]
[Round "1.28"]
[White "Smith, Olivia"]
[Black "Sarakauskiene, Zivile"]
[Result "1-0"]
[WhiteElo "1996"]
[BlackElo "2176"]
[PlyCount "91"]
[EventDate "2014.11.15"]
[WhiteTeam "Rhyfelwyr Essyllwg 1"]
[BlackTeam "Guildford 3"]

1. e4 c5 2. Nf3 e6 3. g3 Nc6 4. Bg2 a6 5. O-O d6 6. d4 cxd4 7. Nxd4 Bd7 8. Be3
Nf6 9. c4 Ne5 10. b3 Neg4 11. Bc1 Rc8 12. h3 Ne5 13. f4 Nc6 14. Be3 Be7 15. Nd2
O-O 16. g4 Qa5 17. Ne2 Bd8 18. c5 d5 19. g5 Ne8 20. exd5 exd5 21. a3 Ne7 22. b4
Qb5 23. Nf3 Nf5 24. Bf2 Be6 25. Ne5 Nc7 26. Nc3 Qe8 27. Nxd5 f6 28. gxf6 gxf6
29. Ng4 Qg6 30. Re1 Ng7 31. Nb6 h5 32. Rxe6 Ncxe6 33. Nxc8 hxg4 34. Qxg4 Qxg4
35. hxg4 Bc7 36. Ne7+ Kf7 37. Nd5 Bb8 38. f5 Nd8 39. Nb6 Rh8 40. Bd5+ Ke7 41.
Re1+ Be5 42. Nc4 Ne8 43. Nxe5 fxe5 44. Rxe5+ Kf6 45. Bd4 Kg5 46. Re7 1-0

[Event "4NCL Division 2a"]
[Site "Hinckley Island ENG"]
[Date "2014.11.15"]
[Round "1.32"]
[White "Sathyanandha, Saravanan"]
[Black "Player, Edmund"]
[Result "1/2-1/2"]
[WhiteElo "2178"]
[BlackElo "2257"]
[PlyCount "96"]
[EventDate "2014.11.15"]
[WhiteTeam "KJCA Kings"]
[BlackTeam "Anglian Avengers 1"]

1. e4 e6 2. d3 d5 3. Qe2 Nc6 4. Nf3 e5 5. exd5 Qxd5 6. Nc3 Bb4 7. Bd2 Bxc3 8.
Bxc3 Bg4 9. h3 Bxf3 10. Qxf3 Qxf3 11. gxf3 f6 12. f4 exf4 13. Rg1 Kf7 14. Rg4
g5 15. Rxg5 fxg5 16. Bxh8 Nf6 17. Bxf6 Kxf6 18. O-O-O h5 19. Be2 g4 20. hxg4
Nd4 21. g5+ Kg6 22. Bf1 Re8 23. c3 Nf5 24. Bg2 Re2 25. Rf1 Nd6 26. d4 Re8 27.
Rg1 b6 28. Bf1 Rh8 29. Bd3+ Nf5 30. Kd2 h4 31. Bxf5+ Kxf5 32. g6 h3 33. g7 Rg8
34. Ke2 h2 35. Rh1 Rxg7 36. Rxh2 Rg1 37. Kf3 Rb1 38. Rh5+ Ke6 39. Re5+ Kf6 40.
Rb5 a6 41. Rb4 Kf5 42. d5 Ke5 43. d6 Kxd6 44. Kxf4 Kc5 45. a4 c6 46. b3 a5 47.
Rc4+ Kd5 48. Rd4+ Kc5 1/2-1/2

[Event "4NCL Division 2a"]
[Site "Hinckley Island ENG"]
[Date "2014.11.15"]
[Round "1.33"]
[White "Mayhew, Andy"]
[Black "Jones, William EG"]
[Result "1-0"]
[WhiteElo "2120"]
[BlackElo "2124"]
[PlyCount "91"]
[EventDate "2014.11.15"]
[WhiteTeam "Anglian Avengers 1"]
[BlackTeam "KJCA Kings"]

1. e4 c5 2. Be2 Nc6 3. d3 d6 4. f4 g6 5. Nf3 Bg7 6. O-O Bg4 7. Nbd2 Nf6 8. Qe1
Nd7 9. Kh1 e6 10. c3 Qe7 11. Nc4 d5 12. Ne3 Bxf3 13. Bxf3 d4 14. Nc4 e5 15. f5
b5 16. Nd2 Nb6 17. Bd1 dxc3 18. bxc3 Rd8 19. Qf2 f6 20. fxg6 hxg6 21. Rb1 b4
22. cxb4 Nxb4 23. Qg3 g5 24. Rb3 Nxa2 25. Ba3 Nb4 26. Rc3 Qd6 27. Be2 Rh4 28.
Nf3 Rf4 29. Rfc1 Na4 30. Rxc5 Nxc5 31. Bxb4 Rc8 32. Qh3 Rc7 33. Qh5+ Kd8 34. d4
Nxe4 35. Ba5 Qa3 36. Bxc7+ Ke7 37. Rf1 Qe3 38. Bc4 Nf2+ 39. Rxf2 Qc1+ 40. Bf1
Qxc7 41. dxe5 Qc5 42. exf6+ Bxf6 43. Re2+ Kd6 44. Qe8 g4 45. Re6+ Kc7 46. Qf7+
1-0

[Event "4NCL Division 2a"]
[Site "Hinckley Island ENG"]
[Date "2014.11.15"]
[Round "1.34"]
[White "Ball, Laurence"]
[Black "Taylor, Adam"]
[Result "1/2-1/2"]
[WhiteElo "2098"]
[BlackElo "2048"]
[PlyCount "137"]
[EventDate "2014.11.15"]
[WhiteTeam "KJCA Kings"]
[BlackTeam "Anglian Avengers 1"]

1. e4 e5 2. Nc3 Nf6 3. Bc4 Nxe4 4. Nf3 Nd6 5. Bb3 Nc6 6. O-O Be7 7. Re1 O-O 8.
Nxe5 Nxe5 9. Rxe5 Bf6 10. Re1 Nf5 11. Nd5 c6 12. Nxf6+ Qxf6 13. Qf3 d5 14. c3
Bd7 15. d4 Rae8 16. Bd2 Qg6 17. Bf4 Re6 18. Rxe6 Qxe6 19. Bc2 Re8 20. Bd3 Nh4
21. Qe3 Qxe3 22. Bxe3 Bf5 23. Bf1 h6 24. Re1 g5 25. f3 Bb1 26. Rxb1 Rxe3 27.
Kf2 Re7 28. Bd3 Kg7 29. b4 Ng6 30. g3 Rc7 31. Ke3 Ne7 32. a4 Kf6 33. Kd2 a6 34.
Re1 b5 35. Ra1 Ke6 36. axb5 axb5 37. Ra6 Kd7 38. g4 f6 39. Ke3 Rc8 40. Ra1 Kd6
41. Ra6 Kd7 42. f4 Rc7 43. Kf3 Rc8 44. Kg3 Rc7 45. h4 Rc8 46. hxg5 hxg5 47.
fxg5 fxg5 48. Bf5+ Nxf5+ 49. gxf5 Re8 50. Kg4 Re3 51. Ra7+ Ke8 52. Kxg5 Rxc3
53. Kf6 Re3 54. Rc7 Re4 55. Rxc6 Rxd4 56. Ke6 Re4+ 57. Kxd5 Rxb4 58. Ke6 Re4+
59. Kf6 b4 60. Rb6 Rh4 61. Rb8+ Kd7 62. Kf7 Kc7 63. Rg8 Kd6 64. f6 Rf4 65. Rg5
Rf3 66. Rb5 b3 67. Kg7 Kc6 68. Rb8 Kc5 69. f7 1/2-1/2

[Event "4NCL Division 2a"]
[Site "Hinckley Island ENG"]
[Date "2014.11.15"]
[Round "1.36"]
[White "Ismailov, Roman"]
[Black "Talsma, Paul"]
[Result "0-1"]
[WhiteElo "2044"]
[BlackElo "2193"]
[PlyCount "66"]
[EventDate "2014.11.15"]
[WhiteTeam "KJCA Kings"]
[BlackTeam "Anglian Avengers 1"]

1. d4 f5 2. c4 Nf6 3. Nc3 d6 4. Nf3 g6 5. g3 Bg7 6. Bg2 O-O 7. O-O Qe8 8. d5 a5
9. Re1 Na6 10. Nd4 Bd7 11. e4 fxe4 12. Nxe4 Nxe4 13. Bxe4 Qf7 14. f4 Nc5 15.
Bf3 Rae8 16. Ne6 Bxe6 17. Rxe6 Nxe6 18. dxe6 Qf6 19. Bxb7 Qd4+ 20. Qxd4 Bxd4+
21. Kg2 Rb8 22. Be4 Bxb2 23. Bxb2 Rxb2+ 24. Kh3 Rfb8 25. a4 Re2 26. Bc6 Rbb2
27. Rc1 Rxh2+ 28. Kg4 Rhc2 29. Rh1 Rxc4 30. Be8 Kg7 31. Bb5 Rc3 32. Rh3 Rbb3
33. f5 Rb4+ 0-1

[Event "4NCL Division 2a"]
[Site "Hinckley Island ENG"]
[Date "2014.11.15"]
[Round "1.37"]
[White "Gray, Mark"]
[Black "Maguire, Robert"]
[Result "1/2-1/2"]
[WhiteElo "2093"]
[BlackElo "1973"]
[PlyCount "96"]
[EventDate "2014.11.15"]
[WhiteTeam "Anglian Avengers 1"]
[BlackTeam "KJCA Kings"]

1. e4 e5 2. Nf3 Nc6 3. Bb5 a6 4. Bxc6 dxc6 5. O-O Bg4 6. h3 Bxf3 7. Qxf3 Bd6 8.
c3 c5 9. d3 Qf6 10. Qxf6 Nxf6 11. Bg5 Nd7 12. Nd2 f6 13. Be3 O-O-O 14. a4 Nf8
15. Rfd1 Ne6 16. Nb3 Rd7 17. Rd2 Rhd8 18. Kf1 Bf8 19. Ke2 g6 20. g3 f5 21. f4
exf4 22. gxf4 c4 23. dxc4 fxe4 24. Rxd7 Rxd7 25. Nd2 Bd6 26. Nxe4 Nxf4+ 27. Kf3
Nd3 28. b3 Rf7+ 29. Ke2 Nf4+ 30. Kd2 Ng2 31. Rg1 Nxe3 32. Kxe3 Bf4+ 33. Ke2 Rf5
34. Rf1 h6 35. Kd3 g5 36. b4 Rf8 37. c5 Kd7 38. Kc4 Ke6 39. c6 b6 40. a5 b5+
41. Kd3 Kd5 42. Nc5 Ra8 43. h4 Kxc6 44. Ne6 Be5 45. hxg5 Kd6 46. Nc5 hxg5 47.
Ne4+ Kd5 48. Nxg5 Bd6 1/2-1/2